Detský športový kočík
Na minha lista:
| Autor principal: | |
|---|---|
| Outros Autores: | |
| Formato: | Manuscrito Livro |
| Idioma: | eslovaco |
| Publicado em: |
2025
|
| Assuntos: | |
| Acesso em linha: | http://is.stuba.sk/zp/portal_zp.pl?podrobnosti=185376 |
| Tags: |
Sem tags, seja o primeiro a adicionar uma tag!
|
MARC
| LEADER | 00000ntm a22000003a 4500 | ||
|---|---|---|---|
| 001 | stuzp105200 | ||
| 003 | SK-STU | ||
| 005 | 20250607211255.7 | ||
| 007 | ta | ||
| 008 | 150427s2015----xo-----f-mn---000-0-slo-d | ||
| 040 | |a STU |b slo | ||
| 041 | 0 | |a slo | |
| 100 | 1 | |a Saraka, Jakub |u 059190 |4 aut |U FAD Fakulta architektúry a dizajnu |T FAD Ústav dizajnu |X 103709 |U A9190 |Y 400 |7 103709 | |
| 242 | 0 | 1 | |a Children's Sports Stroller |y eng |
| 245 | 1 | 0 | |a Detský športový kočík |
| 260 | |c 2025 | ||
| 650 | 4 | |a harmony |2 eng | |
| 650 | 4 | |a fluidity |2 eng | |
| 650 | 4 | |a protection |2 eng | |
| 650 | 4 | |a trust |2 eng | |
| 650 | 4 | |a gentleness |2 eng | |
| 650 | 4 | |a child |2 eng | |
| 650 | 4 | |a human |2 eng | |
| 650 | 4 | |a empathy |2 eng | |
| 650 | 4 | |a sport |2 eng | |
| 650 | 4 | |a safety |2 eng | |
| 650 | 4 | |a naturalness |2 eng | |
| 650 | 4 | |a flow |2 eng | |
| 650 | 4 | |a care |2 eng | |
| 650 | 4 | |a harmónia |2 slo | |
| 650 | 4 | |a plynulosť |2 slo | |
| 650 | 4 | |a ochrana |2 slo | |
| 650 | 4 | |a dôvera |2 slo | |
| 650 | 4 | |a jemnosť |2 slo | |
| 650 | 4 | |a dieťa |2 slo | |
| 650 | 4 | |a človek |2 slo | |
| 650 | 4 | |a empatia |2 slo | |
| 650 | 4 | |a šport |2 slo | |
| 650 | 4 | |a bezpečie |2 slo | |
| 650 | 4 | |a prirodzenosť |2 slo | |
| 650 | 4 | |a plynulosť |2 slo | |
| 650 | 4 | |a starostlivosť |2 slo | |
| 700 | 1 | |a Paliatka, Peter |4 ths |X 332 |7 A000000332 | |
| 856 | 4 | |u http://is.stuba.sk/zp/portal_zp.pl?podrobnosti=185376 | |